Wordt geladen...

Space, gender, knowledge : feminist readings /

Bibliografische gegevens
Andere auteurs: McDowell, Linda, Sharp, Joanne P.
Formaat: Printed Book
Gepubliceerd in: London ; New York : New York : Arnold ; J. Wiley, 1997.
Onderwerpen:
LEADER 00847cam a2200229 a 4500
020 |a 034070019X 
020 |a 0340677929 (pbk.) 
020 |a 047023668X (Wiley) 
020 |a 0470236698 (Wiley : pbk.) 
082 0 0 |a 305.42  |b LIN/S 
245 0 0 |a Space, gender, knowledge :  |b feminist readings /  |c edited by Linda McDowell and Joanne P. Sharp. 
260 |a London ;  |a New York :  |b Arnold ;  |a New York :  |b J. Wiley,  |c 1997. 
300 |a xi, 468 p. ; 
650 0 |a Feminist theory.  |9 41250 
650 0 |a Feminist geography.  |9 41251 
650 0 |a Feminism Space  |9 41252 
650 0 |a Gendre Work  |9 41253 
700 1 |a McDowell, Linda,  |9 41254 
700 1 |a Sharp, Joanne P.  |9 41255 
942 |c BK 
999 |c 69323  |d 69323 
952 |0 0  |1 0  |4 0  |6 305_420000000000000_LIN_S  |7 0  |9 89802  |a SSUS  |b SSUS  |c STACKS  |d 2017-12-26  |g 3274.74  |o 305.42 LIN/S  |p 086954  |r 2017-12-26  |w 2017-12-26  |y BK